000 00702nam a2200205Ii 4500
003 JO-AjNU
008 230605s9999||||xx |||||||||||||| ||und||
017 _a1995/6/514
040 _aJO-AjNU
_bara
_erda
_cJO-AjNU
041 _aara
050 1 4 _aTN948.D5.Q2755 1995
100 3 _aاعداد القرارعة، محمد/م مشارك جمال العلعالي ,
_eauthor
_98199
245 0 0 _aالدياتومايت في الاردن
264 3 1 _aعمان: سلطة المياة، 1995
300 _a78ص
_bصور توضيحية
336 _atext
_btxt
_2rdacontent
337 _aunmediated
_bn
_2rdamedia
338 _avolume
_bnc
_2rdacarrier
650 4 _aالدياتومايت-الاردن
_98200
999 _aA667
_c4235
_d4235